[Event "Gatineau Roger Roy Memorial"]
[Site "Gatineau"]
[Date "2006.11.07"]
[Round "4"]
[White "Pilon, Robert"]
[Black "Carrier, Simon"]
[Result "1-0"]
[WhiteElo "1528"]
[BlackElo "1059"]
[PlyCount "67"]
[EventDate "2006.10.17"]
[EventType "swiss"]
[EventRounds "5"]
[EventCountry "CAN"]
[SourceTitle "EXT 2022"]
[Source "ChessBase"]
[SourceDate "2021.10.06"]
[SourceVersion "1"]
[SourceVersionDate "2021.10.06"]
[SourceQuality "1"]

1. e4 c5 2. Nf3 Nc6 3. d4 cxd4 4. c3 e5 5. cxd4 exd4 6. Nxd4 Bc5 7. Be3 d5 8. Nxc6 bxc6 9. Bxc5 Qa5+ 10. Nc3 Qxc5 11. exd5 Nf6 12. dxc6 Ng4 13. Qe2+ Be6 14. h3 Qe5 15. hxg4 Qxe2+ 16. Bxe2 0-0 17. 0-0 Rfe8 18. Rfd1 Rac8 19. Rd6 Rc7 20. Rad1 g6 21. Rd8 Rxd8 22. Rxd8+ Kg7 23. Bf3 Bc4 24. Rd7 Rc8 25. Rxa7 Re8 26. b3 Re1+ 27. Kh2 Be6 28. c7 Rc1 29. Ne4 h5 30. gxh5 gxh5 31. Nd6 Rc2 32. c8Q Bxc8 33. Nxc8 Rxc8 34. Bd5 1-0

[Event "Gatineau Hull CC 27 Ann-B"]
[Site "Gatineau"]
[Date "2006.10.02"]
[Round "4"]
[White "Carrier, Simon"]
[Black "Lamarche, Gilles"]
[Result "0-1"]
[WhiteElo "957"]
[BlackElo "1075"]
[PlyCount "140"]
[EventDate "2006.09.12"]
[EventType "swiss"]
[EventRounds "5"]
[EventCountry "CAN"]
[SourceTitle "EXT 2022"]
[Source "ChessBase"]
[SourceDate "2021.10.06"]
[SourceVersion "1"]
[SourceVersionDate "2021.10.06"]
[SourceQuality "1"]

1. e4 c6 2. d4 d5 3. e5 Bf5 4. Bd3 Bg6 5. Nf3 e6 6. Nc3 Bxd3 7. Qxd3 a6 8. Na4 Qa5+ 9. c3 Qxa4 10. 0-0 Qa5 11. Ng5 g6 12. Qf3 Qc7 13. b3 Nh6 14. Qf6 Rg8 15. Nxh7 Bg7 16. Qf3 Nd7 17. Bxh6 Bxh6 18. Qh3 Bg7 19. Ng5 Rh8 20. Qf3 Nb6 21. Rab1 Bh6 22. Qf6 Rf8 23. Nh7 Rg8 24. a4 Nd7 25. Qh4 Bg7 26. Qf4 Qd8 27. Ng5 Qe7 28. Rfc1 Bh6 29. h4 f6 30. exf6 Nxf6 31. Re1 Ne4 32. Rxe4 dxe4 33. Qxe4 Bxg5 34. hxg5 0-0-0 35. b4 Qd6 36. b5 Rh8 37. g3 Qd5 38. Re1 Qxe4 39. Rxe4 Rd6 40. Re5 a5 41. bxc6 Rxc6 42. Rxa5 Kc7 43. d5 exd5 44. Rxd5 Rxc3 45. g4 Rf8 46. Rd4 Rc2 47. f4 Kb6 48. Rb4+ Ka6 49. f5 Rd8 50. Rb1 gxf5 51. gxf5 Rd5 52. Rf1 Rc7 53. g6 Ka5 54. f6 Rg5+ 55. Kh2 Rxg6 56. f7 Rc5 57. Rf3 Rh5+ 58. Rh3 Rxh3+ 59. Kxh3 Rf6 60. f8Q Rxf8 61. Kg4 Kxa4 62. Kg5 b5 63. Kg6 b4 64. Kg5 b3 65. Kg4 b2 66. Kg3 b1Q 67. Kg2 Qb3 68. Kh2 Rc8 69. Kg1 Rc2 70. Kf1 Qb1# 0-1